00644nam a2200205 a 450000100060000000300080000600500170001400800410003103500160007203500190008804000320010704100080013908200200014710000310016724501170019826000430031530000260035865000370038470000170042120307BD-RjUL20211209000540.0140227r19671958enkafh b 000 1 eng d aoxf98201098 a(BD-RjUL)20369 aUIUcUIUdm.cdBD-RjULbeng aeng04a823.6bBUE 19671 aBurney, Fanny,d1752-1840.10aEvelina or the history of a young lady's entrance into the world /cFrances Burney ; introduced by Lewis Gibbs aLondon,bDent,c1958 [reprinted 1967]. axiv, 378 p. ;c19 cm.1 a London (England) -- Fiction. 1 aGibbs, Lewis